000 00757nam a2200193 i 4500
001 53335
003 ES-MaACL
005 20231226205805.0
007 t|
008 021114s1878 sp ||||1| spa d
100 1 _aAcebal del Cueto, Ricardo,
_d1849-1940
_918211
245 1 0 _aBocetos del Instituto de Jovellanos /
_cpublicados por Ricardo Acebal y Cueto y Pío Escalera y Blanco ; con un prólogo de don Alejandro Pidal y Mon.
260 _aGijón :
_b[s.n.],
_c1878.
500 _aReproducciones litográficas de dibujos de Cano, Velázquez, Murillo, Carreño, Rembrandt, etc.
700 1 _aPidal y Mon, Alejandro,
_d1846-1913
_991890
700 1 _aEscalera y Blanco, Pío.
_947485
852 _aES-MaACL
_jT-397-F-4
999 _c53335
_d53335